Pop culture en images - Q & U - Statistiques

Statistiques générales
  • Ce quiz a été pris 205 fois
  • Le résultat moyen est 5 sur 16
Statistiques - réponses
Par images Réponse % Correct
Quasimodo
87%
Ursula
85%
Usopp
74%
Qulbutoké
59%
Undertale
42%
Quirinus Quirrell
41%
Until dawn
28%
Qui-Gon Jinn
27%
Ultraman
23%
Qiyanna
20%
Utahime
12%
Qubert
9%
Unity
7%
Quetzalcoatl Lucoa
3%
Ulf le Blanc
1%
Quitterie Raffaeli
0%
Aucun quiz correspondant
Distribution des résultats
% des personnes avec chaque résultat
Percentile par nombre de réponses
Votre historique - résultats
Vous n’avez pas pris ce quiz